000 01125cam a22002294a 4500
005 20250605164141.0
008 250528s ||||||||||||||||||||||||d
035 _a18976
040 _aGR-AtMCL
_bgre
_dGR-AtMCL
_eAACR2
245 1 _aΗ Λαική Επιγραφή στην Ελλάδα / Δεύτερη Έκδοση
250 _a
260 _bΠαπαστράτος Αβες,
_c1980
300 _a402
505 0 _aΕισαγωγή, Χρονικό, Πώς Δουλεύαμε στο Δρόμο, Σύλλογοι - Σύνδεσμοι, Το Στοιχείο - Γράμμα, Βασικέ Χαράξεισ Επιγραφών, Βιογραφικά.
520 _aΕισαγωγή, Χρονικό, Πώς Δουλεύαμε στο Δρόμο, Σύλλογοι - Σύνδεσμοι, Το Στοιχείο - Γράμμα, Βασικέ Χαράξεισ Επιγραφών, Βιογραφικά.
700 1 _aΒακιρτζης Γιωργος
_95256
700 1 _aΓραββαλος Παναγιωτης
_95257
700 1 _aΤζιμουλης Κωστας
_95258
942 _cBK
999 _c4269
_d4269